[Event "CAN-op"]
[Site "Edmonton CAN"]
[Date "2009.07.14"]
[Round "4.60"]
[White "Houston, Michael"]
[Black "Nguyen, Kim"]
[Result "1-0"]
[WhiteElo "1269"]
[BlackElo "2140"]
[PlyCount "69"]
[GameId "2160767910155965"]
[EventDate "2009.07.11"]
[EventType "swiss"]
[EventRounds "9"]
[EventCountry "CAN"]
[SourceTitle "EXT 2022"]
[Source "ChessBase"]
[SourceDate "2021.10.06"]
[SourceVersion "1"]
[SourceVersionDate "2021.10.06"]
[SourceQuality "1"]

1. c4 g6 2. Nc3 Bg7 3. e4 d6 4. d4 Nf6 5. Nf3 O-O 6. Be2 e5 7. O-O Na6 8. h3 c6 9. a3 Qe7 10. d5 Nc5 11. Qc2 a5 12. Be3 Bd7 13. Rfd1 cxd5 14. cxd5 Rfc8 15. Nd2 b5 16. b4 axb4 17. axb4 Rxa1 18. Rxa1 Ncxe4 19. Ndxe4 Nxe4 20. Ra3 f5 21. Qd3 Rxc3 22. Rxc3 Nxc3 23. Qxc3 Qd8 24. Qa3 Qc7 25. Qa6 f4 26. Bb6 Qc1+ 27. Bf1 f3 28. Be3 Qc7 29. Bxb5 fxg2 30. Bxd7 Qxd7 31. Kxg2 e4 32. b5 Be5 33. b6 Qf7 34. Qc8+ Kg7 35. Qc7 1-0

[Event "CAN-op"]
[Site "Edmonton CAN"]
[Date "2009.07.14"]
[Round "4.61"]
[White "Fu, James"]
[Black "Manley, Jason"]
[Result "1/2-1/2"]
[WhiteElo "1764"]
[BlackElo "2028"]
[PlyCount "118"]
[GameId "2160767910155966"]
[EventDate "2009.07.11"]
[EventType "swiss"]
[EventRounds "9"]
[EventCountry "CAN"]
[SourceTitle "EXT 2022"]
[Source "ChessBase"]
[SourceDate "2021.10.06"]
[SourceVersion "1"]
[SourceVersionDate "2021.10.06"]
[SourceQuality "1"]

1. e4 e5 2. Bc4 Nf6 3. Nc3 Nxe4 4. Bxf7+ Kxf7 5. Nxe4 Nc6 6. d3 Be7 7. Ne2 d5 8. N4g3 Rf8 9. O-O Kg8 10. d4 b6 11. Be3 Bb7 12. Qd2 Bf6 13. Rad1 Kh8 14. Nh5 Ba6 15. Nxf6 Qxf6 16. Rfe1 Bb7 17. Qc3 Rac8 18. dxe5 Qxe5 19. Bd4 Nxd4 20. Nxd4 Qf6 21. Qg3 Rce8 22. Rxe8 Rxe8 23. h3 c5 24. Nb5 Rf8 25. c3 a6 26. Nc7 Rd8 27. Re1 h6 28. Re6 Qf7 29. Rxb6 Bc8 30. Nxa6 Qa7 31. Qc7 Qxc7 32. Nxc7 d4 33. cxd4 cxd4 34. Kf1 d3 35. Ke1 d2+ 36. Kd1 Bf5 37. Rc6 Be4 38. Rc3 Bxg2 39. Ne6 Rd6 40. Nf4 Be4 41. b4 g5 42. Nh5 Bc6 43. Rxc6 Rxc6 44. Kxd2 Ra6 45. b5 Rxa2+ 46. Kc3 Rxf2 47. b6 Rf1 48. Kc4 Kg8 49. Kc5 Kf7 50. b7 Rb1 51. Kc6 Ke7 52. Ng3 Kd8 53. Nf5 Rc1+ 54. Kd6 Rd1+ 55. Nd4 Rxd4+ 56. Kc5 Kc7 57. Kxd4 h5 58. Ke4 g4 59. hxg4 hxg4 1/2-1/2

[Event "CAN-op"]
[Site "Edmonton CAN"]
[Date "2009.07.14"]
[Round "4.63"]
[White "Dean, Tim"]
[Black "Lefkowitz, Phil"]
[Result "0-1"]
[WhiteElo "1990"]
[BlackElo "1700"]
[PlyCount "52"]
[GameId "2160767910155968"]
[EventDate "2009.07.11"]
[EventType "swiss"]
[EventRounds "9"]
[EventCountry "CAN"]
[SourceTitle "EXT 2022"]
[Source "ChessBase"]
[SourceDate "2021.10.06"]
[SourceVersion "1"]
[SourceVersionDate "2021.10.06"]
[SourceQuality "1"]

1. e4 c6 2. d4 d5 3. Nc3 dxe4 4. Nxe4 Bf5 5. Ng3 Bg6 6. h4 h6 7. Nf3 Nd7 8. h5 Bh7 9. Bd3 Bxd3 10. Qxd3 e6 11. Bd2 Ngf6 12. O-O-O c5 13. Rhe1 Be7 14. c4 cxd4 15. Nxd4 Nc5 16. Qc3 O-O 17. Bxh6 gxh6 18. Ndf5 Qc7 19. Nxe7+ Qxe7 20. Nf5 Qc7 21. Nxh6+ Kg7 22. Re5 Kxh6 23. Rxc5 Qf4+ 24. Kb1 Ne4 25. Qd4 Rad8 26. Rd5 exd5 0-1

[Event "CAN-op"]
[Site "Edmonton CAN"]
[Date "2009.07.14"]
[Round "4.65"]
[White "Usselman, Paul"]
[Black "Panteluk, Steven"]
[Result "1-0"]
[WhiteElo "1886"]
[BlackElo "1682"]
[PlyCount "81"]
[GameId "2160767910155970"]
[EventDate "2009.07.11"]
[EventType "swiss"]
[EventRounds "9"]
[EventCountry "CAN"]
[SourceTitle "EXT 2022"]
[Source "ChessBase"]
[SourceDate "2021.10.06"]
[SourceVersion "1"]
[SourceVersionDate "2021.10.06"]
[SourceQuality "1"]

1. Nf3 Nf6 2. c4 c6 3. d4 e6 4. Nc3 d5 5. e3 Be7 6. Bd3 O-O 7. O-O Nbd7 8. b3 Re8 9. Bb2 Nf8 10. Ne5 h6 11. a3 Qc7 12. Rc1 Bd6 13. f4 N6h7 14. c5 Be7 15. Qh5 Bf6 16. Rf3 Re7 17. b4 b6 18. Rg3 Kh8 19. Ne2 Bb7 20. a4 g5 21. Qxh6 Bg7 22. Qh3 gxf4 23. Nxf4 bxc5 24. Rxg7 Kxg7 25. Nh5+ Kg8 26. Qg4+ Ng6 27. Nxg6 fxg6 28. Qxg6+ Kf8 29. dxc5 Rf7 30. Qh6+ Ke7 31. Bxh7 Raf8 32. Bg6 Rf2 33. Qg5+ Kd7 34. Be5 Ba6 35. b5 Qa5 36. Bd6 Rf1+ 37. Rxf1 Rxf1+ 38. Kxf1 Bxb5+ 39. axb5 Qxb5+ 40. Kf2 Qb2+ 41. Kg3 1-0

[Event "CAN-op"]
[Site "Edmonton CAN"]
[Date "2009.07.14"]
[Round "4.66"]
[White "Ventura, Jason"]
[Black "Purewal, Pal"]
[Result "0-1"]
[WhiteElo "1879"]
[BlackElo "1631"]
[PlyCount "96"]
[GameId "2160767910155971"]
[EventDate "2009.07.11"]
[EventType "swiss"]
[EventRounds "9"]
[EventCountry "CAN"]
[SourceTitle "EXT 2022"]
[Source "ChessBase"]
[SourceDate "2021.10.06"]
[SourceVersion "1"]
[SourceVersionDate "2021.10.06"]
[SourceQuality "1"]

1. e4 c5 2. Nf3 Nc6 3. d4 cxd4 4. Nxd4 e6 5. Nc3 a6 6. a3 b5 7. Bf4 Bb7 8. Be2 d6 9. O-O Nxd4 10. Qxd4 e5 11. Bxe5 dxe5 12. Qxe5+ Qe7 13. Qf4 Qf6 14. Qc7 Qc6 15. Nd5 Bd6 16. Qa5 Ne7 17. Bf3 Nxd5 18. exd5 Qc7 19. Rfe1+ Kf8 20. Qd2 Bxh2+ 21. Kh1 Bd6 22. Re2 h5 23. Rae1 Rh6 24. Qe3 Kg8 25. Qd3 Qd7 26. Be4 g6 27. Qe3 Rh7 28. Qd3 Rg7 29. Re3 Re8 30. Kg1 f5 31. Bf3 Rxe3 32. Rxe3 Re7 33. Re6 Rxe6 34. dxe6 Qxe6 35. Kf1 Bxf3 36. Qxf3 Qc4+ 37. Qd3 Qxd3+ 38. cxd3 b4 39. a4 Kf7 40. d4 Ke6 41. Ke2 Kd5 42. Kd3 Bf8 43. b3 Bg7 44. f3 Bxd4 45. Ke2 a5 46. Kd3 Bc3 47. Ke3 g5 48. f4 g4 0-1

[Event "CAN-op"]
[Site "Edmonton CAN"]
[Date "2009.07.14"]
[Round "4.67"]
[White "Sponga, George"]
[Black "Kalaydina, Regina Veronicka"]
[Result "0-1"]
[WhiteElo "1671"]
[BlackElo "1812"]
[PlyCount "78"]
[GameId "2160767910155972"]
[EventDate "2009.07.11"]
[EventType "swiss"]
[EventRounds "9"]
[EventCountry "CAN"]
[SourceTitle "EXT 2022"]
[Source "ChessBase"]
[SourceDate "2021.10.06"]
[SourceVersion "1"]
[SourceVersionDate "2021.10.06"]
[SourceQuality "1"]

1. e4 c5 2. Nc3 d6 3. Bc4 Nf6 4. a3 Nc6 5. h3 e6 6. Nf3 a6 7. O-O b5 8. Ba2 Be7 9. d3 Bb7 10. Be3 O-O 11. Nh2 Qc7 12. f4 Rad8 13. f5 d5 14. exd5 exd5 15. Bf4 Bd6 16. Bxd6 Rxd6 17. Ng4 Ne7 18. Rf2 c4 19. d4 Bc8 20. Qf1 Nxg4 21. hxg4 Rh6 22. Rf4 Bb7 23. Re1 g5 24. Rf3 Qh2+ 25. Kf2 Nc8 26. Qg1 Qh4+ 27. Rg3 Nd6 28. Kf3 Nxf5 29. Ne2 Nxg3 30. Nxg3 Rf6+ 31. Nf5 Bc8 32. g3 Qh3 33. Re5 Bxf5 34. gxf5 Rxf5+ 35. Rxf5 Qxf5+ 36. Kg2 g4 37. Bb1 Re8 38. Qf2 Qe4+ 39. Kg1 Qe1+ 0-1

[Event "CAN-op"]
[Site "Edmonton CAN"]
[Date "2009.07.14"]
[Round "4.68"]
[White "Ritchie, Gordon"]
[Black "Reuter, Gerhard"]
[Result "1-0"]
[WhiteElo "1870"]
[BlackElo "1666"]
[PlyCount "59"]
[GameId "2160767910155973"]
[EventDate "2009.07.11"]
[EventType "swiss"]
[EventRounds "9"]
[EventCountry "CAN"]
[SourceTitle "EXT 2022"]
[Source "ChessBase"]
[SourceDate "2021.10.06"]
[SourceVersion "1"]
[SourceVersionDate "2021.10.06"]
[SourceQuality "1"]

1. e4 c5 2. Nf3 d6 3. Bb5+ Nc6 4. Bxc6+ bxc6 5. O-O g6 6. d4 cxd4 7. Qxd4 e5 8. Qd3 Nf6 9. Nc3 Be7 10. h3 O-O 11. Bh6 Re8 12. Rad1 Qb6 13. Rfe1 Be6 14. b3 Rad8 15. Na4 Qc7 16. Qe3 Nh5 17. g4 Ng7 18. Ng5 Bf8 19. c4 f6 20. Bxg7 Bxg7 21. Nxe6 Rxe6 22. Nc3 Qb6 23. Na4 Qb7 24. Nc5 dxc5 25. Rxd8+ Kf7 26. Red1 Qb6 27. R1d7+ Re7 28. Qd2 Bf8 29. Rxf8+ Kxf8 30. Qd6 1-0

[Event "CAN-op"]
[Site "Edmonton CAN"]
[Date "2009.07.14"]
[Round "4.69"]
[White "Caughlin, Wade"]
[Black "Marshall, Jim"]
[Result "1-0"]
[WhiteElo "1855"]
[BlackElo "1661"]
[PlyCount "65"]
[GameId "2160767910155974"]
[EventDate "2009.07.11"]
[EventType "swiss"]
[EventRounds "9"]
[EventCountry "CAN"]
[SourceTitle "EXT 2022"]
[Source "ChessBase"]
[SourceDate "2021.10.06"]
[SourceVersion "1"]
[SourceVersionDate "2021.10.06"]
[SourceQuality "1"]

1. e4 c5 2. Nf3 d6 3. d4 cxd4 4. Nxd4 Nf6 5. Nc3 a6 6. Bg5 e6 7. f4 Be7 8. Qf3 Nfd7 9. Bxe7 Qxe7 10. O-O-O Nc6 11. f5 Nxd4 12. Rxd4 Ne5 13. Qd1 O-O 14. g4 Rd8 15. h4 b5 16. Bh3 Bb7 17. g5 exf5 18. exf5 Bxh1 19. Qxh1 Qa7 20. Rd1 Qe3+ 21. Kb1 Qf3 22. Bg2 Qxd1+ 23. Qxd1 Rac8 24. Nd5 Rc4 25. Ne7+ Kf8 26. f6 Rxh4 27. Nf5 Rh2 28. fxg7+ Kg8 29. Nh6+ Kxg7 30. Bd5 Rc8 31. Nf5+ Kf8 32. b3 Rc3 33. Be4 1-0

[Event "CAN-op"]
[Site "Edmonton CAN"]
[Date "2009.07.14"]
[Round "4.70"]
[White "Neumann, Ralph"]
[Black "Bentley, Bill"]
[Result "0-1"]
[WhiteElo "1654"]
[BlackElo "1854"]
[PlyCount "88"]
[GameId "2160767910155975"]
[EventDate "2009.07.11"]
[EventType "swiss"]
[EventRounds "9"]
[EventCountry "CAN"]
[SourceTitle "EXT 2022"]
[Source "ChessBase"]
[SourceDate "2021.10.06"]
[SourceVersion "1"]
[SourceVersionDate "2021.10.06"]
[SourceQuality "1"]

1. d4 Nf6 2. Nf3 e6 3. g3 b5 4. Bg2 Bb7 5. O-O Be7 6. Bg5 h6 7. Bd2 O-O 8. Re1 c5 9. a4 a6 10. axb5 axb5 11. Rxa8 Bxa8 12. dxc5 Bxc5 13. b4 Be7 14. c3 Bd5 15. Nd4 Bxg2 16. Kxg2 Qb6 17. e4 Nc6 18. Be3 Nxd4 19. Bxd4 Qc6 20. Qd3 d5 21. e5 Nd7 22. f4 Nb6 23. h4 Nc4 24. Kh3 Ra8 25. Re2 Ra1 26. g4 Na3 27. Nxa3 Rxa3 28. Rb2 Ra1 29. Qf3 Qc4 30. Re2 Bxb4 31. g5 Bf8 32. gxh6 g6 33. h5 Rh1+ 34. Rh2 Qf1+ 35. Qxf1 Rxf1 36. hxg6 fxg6 37. h7+ Kh8 38. Kg4 b4 39. cxb4 Bxb4 40. Rh6 Bd2 41. Rxg6 Rxf4+ 42. Kg5 Rxd4+ 43. Kf6 Ra4 44. Rg7 Rf4+ 0-1

[Event "CAN-op"]
[Site "Edmonton CAN"]
[Date "2009.07.14"]
[Round "4.71"]
[White "Sullivan, Brian"]
[Black "Green, Aaron"]
[Result "0-1"]
[WhiteElo "1643"]
[BlackElo "1818"]
[PlyCount "86"]
[GameId "2160767910155976"]
[EventDate "2009.07.11"]
[EventType "swiss"]
[EventRounds "9"]
[EventCountry "CAN"]
[SourceTitle "EXT 2022"]
[Source "ChessBase"]
[SourceDate "2021.10.06"]
[SourceVersion "1"]
[SourceVersionDate "2021.10.06"]
[SourceQuality "1"]

1. e4 c5 2. Nf3 d6 3. d4 cxd4 4. Nxd4 Nf6 5. Nc3 g6 6. h3 Bg7 7. Be3 O-O 8. Bc4 Nc6 9. Nxc6 bxc6 10. O-O Nxe4 11. Nxe4 d5 12. Bb3 dxe4 13. c3 Qc7 14. Qc2 Ba6 15. Rfe1 Bd3 16. Qc1 c5 17. Kh1 Kh8 18. Bh6 e6 19. Bxg7+ Kxg7 20. c4 Rad8 21. Bd1 Qa5 22. Be2 Rd4 23. b3 Rfd8 24. a3 Qb6 25. Qc3 Kg8 26. Kg1 Bxe2 27. Rxe2 Rd3 28. Qc2 Qxb3 29. Qxb3 Rxb3 30. Rxe4 Rc3 31. Kf1 Kf8 32. Ke1 Ke7 33. a4 f5 34. Re2 Rxc4 35. a5 Rdd4 36. a6 Ra4 37. Rea2 Rxa2 38. Rxa2 Kd6 39. g3 Kc7 40. Ke2 Kb6 41. h4 h5 42. Ke3 e5 43. Ra3 Rd6 0-1

[Event "CAN-op"]
[Site "Edmonton CAN"]
[Date "2009.07.14"]
[Round "4.72"]
[White "Steer, David"]
[Black "Santelices, Philip"]
[Result "1-0"]
[WhiteElo "1814"]
[BlackElo "1629"]
[PlyCount "81"]
[GameId "2160767910155977"]
[EventDate "2009.07.11"]
[EventType "swiss"]
[EventRounds "9"]
[EventCountry "CAN"]
[SourceTitle "EXT 2022"]
[Source "ChessBase"]
[SourceDate "2021.10.06"]
[SourceVersion "1"]
[SourceVersionDate "2021.10.06"]
[SourceQuality "1"]

1. e4 c5 2. Nf3 d6 3. d4 cxd4 4. Nxd4 Nf6 5. Nc3 a6 6. Qf3 e6 7. g4 Nbd7 8. g5 Ne5 9. Qd1 Nfd7 10. f4 Nc6 11. Be3 Qc7 12. Bh3 Nxd4 13. Qxd4 b5 14. O-O-O Bb7 15. Rhe1 Rc8 16. Rd2 Qa5 17. a3 Rc4 18. Qa7 Bc8 19. Bf1 Rc7 20. Qa8 Be7 21. Nxb5 O-O 22. Nxc7 Qxc7 23. Bxa6 Qa5 24. Bb7 Qc7 25. Bxc8 Rxc8 26. Qa7 Qc6 27. Kb1 Ra8 28. Qd4 Nc5 29. Bf2 Ra4 30. Qc3 Rxe4 31. Rxe4 Qxe4 32. Bxc5 dxc5 33. Rd7 Bf8 34. Rd8 Qc6 35. Qd2 c4 36. Qd7 Qh1+ 37. Ka2 Qd5 38. Qxd5 exd5 39. a4 f6 40. a5 Kf7 41. Rxf8+ 1-0

[Event "CAN-op"]
[Site "Edmonton CAN"]
[Date "2009.07.14"]
[Round "4.73"]
[White "McKay, Tom"]
[Black "Davidson, Brian"]
[Result "1/2-1/2"]
[WhiteElo "1614"]
[BlackElo "1814"]
[PlyCount "85"]
[GameId "2160767910155978"]
[EventDate "2009.07.11"]
[EventType "swiss"]
[EventRounds "9"]
[EventCountry "CAN"]
[SourceTitle "EXT 2022"]
[Source "ChessBase"]
[SourceDate "2021.10.06"]
[SourceVersion "1"]
[SourceVersionDate "2021.10.06"]
[SourceQuality "1"]

1. e4 c5 2. Nf3 d6 3. d4 cxd4 4. Nxd4 Nf6 5. Nc3 a6 6. Be2 e5 7. Nb3 Be7 8. O-O O-O 9. Kh1 Be6 10. f4 Nc6 11. g4 h6 12. f5 Bxb3 13. axb3 Nd4 14. Bd3 Nh7 15. Nd5 Bg5 16. c3 Bxc1 17. Rxc1 Nc6 18. b4 Ne7 19. Ne3 Ng5 20. h4 Nh3 21. Qf3 Nf4 22. Bb1 Neg6 23. Qf2 Qxh4+ 24. Qxh4 Nxh4 25. Rcd1 Rad8 26. Rd2 Rd7 27. Rh2 g5 28. fxg6 Nhxg6 29. Rxh6 Kg7 30. Nf5+ Kf6 31. Rf2 Rh8 32. Rxh8 Nxh8 33. Rd2 Kg5 34. Rxd6 Rxd6 35. Nxd6 b5 36. Ba2 f6 37. Nb7 Nd3 38. Be6 Nf2+ 39. Kg2 Nxe4 40. Bf5 Nd2 41. Nc5 Nc4 42. Nxa6 Ne3+ 43. Kf3 1/2-1/2

[Event "CAN-op"]
[Site "Edmonton CAN"]
[Date "2009.07.14"]
[Round "4.74"]
[White "De Jong, Walter"]
[Black "Danner, Jason"]
[Result "1-0"]
[WhiteElo "1812"]
[BlackElo "1626"]
[PlyCount "65"]
[GameId "2160767910155979"]
[EventDate "2009.07.11"]
[EventType "swiss"]
[EventRounds "9"]
[EventCountry "CAN"]
[SourceTitle "EXT 2022"]
[Source "ChessBase"]
[SourceDate "2021.10.06"]
[SourceVersion "1"]
[SourceVersionDate "2021.10.06"]
[SourceQuality "1"]

1. c4 Nf6 2. g3 e5 3. Bg2 c6 4. d4 exd4 5. Qxd4 Na6 6. Nc3 Bc5 7. Qd1 Qb6 8. e3 O-O 9. Nge2 Qd8 10. O-O Nc7 11. e4 Re8 12. Qc2 a6 13. a3 d6 14. Bg5 h6 15. Bf4 Bg4 16. Rad1 g5 17. Bxd6 Bxd6 18. c5 Nb5 19. Nxb5 axb5 20. Rxd6 Qe7 21. f3 Bh5 22. Qc3 Kg7 23. Rfd1 Qe5 24. Nd4 Bg6 25. b4 h5 26. Qa1 Kf8 27. Qc1 Re7 28. f4 Qxd6 29. cxd6 Rd7 30. e5 Ng8 31. f5 Bh7 32. Qxg5 Rxa3 33. Qxh5 1-0

[Event "CAN-op"]
[Site "Edmonton CAN"]
[Date "2009.07.14"]
[Round "4.75"]
[White "Du, Jasmine"]
[Black "Virji, Naveed"]
[Result "1-0"]
[WhiteElo "1893"]
[BlackElo "1398"]
[PlyCount "107"]
[GameId "2160767910155980"]
[EventDate "2009.07.11"]
[EventType "swiss"]
[EventRounds "9"]
[EventCountry "CAN"]
[SourceTitle "EXT 2022"]
[Source "ChessBase"]
[SourceDate "2021.10.06"]
[SourceVersion "1"]
[SourceVersionDate "2021.10.06"]
[SourceQuality "1"]

1. d4 d5 2. c4 Nf6 3. e3 dxc4 4. Bxc4 Nc6 5. Nf3 e5 6. Bb5 exd4 7. Nxd4 Bb4+ 8. Nd2 Bxd2+ 9. Bxd2 Bd7 10. Nxc6 Bxc6 11. Bxc6+ bxc6 12. Qc2 Qd5 13. O-O O-O 14. Rfd1 Qe5 15. Bc3 Qe4 16. Qxe4 Nxe4 17. Be5 Rab8 18. b3 Rb7 19. Rac1 f6 20. Bd4 c5 21. Bxc5 Nxc5 22. Rxc5 Rc8 23. Rd7 Kf8 24. f3 h6 25. e4 g6 26. Rc6 Ke8 27. Rg7 g5 28. Rxf6 Rb6 29. Rxb6 axb6 30. Rg8+ Kd7 31. Rxc8 Kxc8 32. Kf2 Kd7 33. Ke3 Ke6 34. Kd4 c5+ 35. Kc4 Ke5 36. g3 g4 37. f4+ Kxe4 38. a4 h5 39. Kb5 h4 40. Kxb6 hxg3 41. hxg3 Kf3 42. f5 Kxg3 43. f6 Kh4 44. f7 g3 45. f8=Q g2 46. Qxc5 Kh3 47. Qg1 Kg3 48. a5 Kf3 49. a6 Ke4 50. a7 Kd3 51. a8=R Kc3 52. Qc1+ Kxb3 53. Ra3+ Kb4 54. Qc3# 1-0

[Event "CAN-op"]
[Site "Edmonton CAN"]
[Date "2009.07.14"]
[Round "4.77"]
[White "Magnusson, Saul"]
[Black "Caron, Harvey"]
[Result "0-1"]
[WhiteElo "1568"]
[BlackElo "1784"]
[PlyCount "68"]
[GameId "2160767910155982"]
[EventDate "2009.07.11"]
[EventType "swiss"]
[EventRounds "9"]
[EventCountry "CAN"]
[SourceTitle "EXT 2022"]
[Source "ChessBase"]
[SourceDate "2021.10.06"]
[SourceVersion "1"]
[SourceVersionDate "2021.10.06"]
[SourceQuality "1"]

1. e4 c5 2. Nf3 e6 3. Nc3 a6 4. d4 cxd4 5. Nxd4 Qc7 6. Be2 Nf6 7. g4 h6 8. f3 Bd6 9. Ndb5 axb5 10. Nxb5 Qa5+ 11. Bd2 Qb6 12. Be3 Bc5 13. Bf4 O-O 14. Bc7 Qc6 15. Qd2 Ne8 16. Bf4 e5 17. Bxe5 b6 18. Bc4 Bf2+ 19. Kxf2 Qxc4 20. Nd4 Nc6 21. Nxc6 dxc6 22. g5 Qc5+ 23. Bd4 Qxg5 24. Be3 Qh4+ 25. Ke2 Ba6+ 26. Kd1 Rd8 27. Bd4 c5 28. c3 cxd4 29. cxd4 Nc7 30. Rg1 Qf6 31. e5 Qxf3+ 32. Kc1 Nd5 33. Rg3 Rc8+ 34. Kb1 Qf1+ 0-1

[Event "CAN-op"]
[Site "Edmonton CAN"]
[Date "2009.07.14"]
[Round "4.78"]
[White "Green, Jim"]
[Black "Taylor, James"]
[Result "1-0"]
[WhiteElo "1782"]
[BlackElo "1570"]
[PlyCount "47"]
[GameId "2160767910155983"]
[EventDate "2009.07.11"]
[EventType "swiss"]
[EventRounds "9"]
[EventCountry "CAN"]
[SourceTitle "EXT 2022"]
[Source "ChessBase"]
[SourceDate "2021.10.06"]
[SourceVersion "1"]
[SourceVersionDate "2021.10.06"]
[SourceQuality "1"]

1. e4 c5 2. Nf3 d6 3. Bb5+ Bd7 4. Bxd7+ Nxd7 5. O-O Ngf6 6. Qe2 e6 7. c3 Be7 8. d4 h6 9. Rd1 Qc7 10. h3 O-O 11. Bf4 e5 12. dxe5 dxe5 13. Bh2 Rad8 14. Na3 Nh5 15. Nxe5 Nhf6 16. Nxd7 Qc6 17. Nxf8 Kxf8 18. Rxd8+ Bxd8 19. Rd1 Be7 20. e5 Ne8 21. Qd3 a6 22. Nc4 b5 23. Nd6 Nc7 24. Qh7 1-0

[Event "CAN-op"]
[Site "Edmonton CAN"]
[Date "2009.07.14"]
[Round "4.79"]
[White "Wong, Ford"]
[Black "Nichols, Darren"]
[Result "1-0"]
[WhiteElo "1774"]
[BlackElo "1420"]
[PlyCount "42"]
[GameId "2160767910155984"]
[EventDate "2009.07.11"]
[EventType "swiss"]
[EventRounds "9"]
[EventCountry "CAN"]
[SourceTitle "EXT 2022"]
[Source "ChessBase"]
[SourceDate "2021.10.06"]
[SourceVersion "1"]
[SourceVersionDate "2021.10.06"]
[SourceQuality "1"]

1. d4 Nf6 2. c4 e6 3. Nc3 Bb4 4. Qc2 b6 5. a3 Bxc3+ 6. Qxc3 d5 7. cxd5 exd5 8. Qg3 Rg8 9. Bg5 Nbd7 10. Qb3 Ba6 11. Nf3 h6 12. Bxf6 Nxf6 13. Qa4+ Qd7 14. Qxa6 Ne4 15. e3 Qf5 16. Bb5+ Ke7 17. O-O Qc8 18. Qa4 Rd8 19. Bc6 Rb8 20. Qxa7 Rd6 21. Qa4 Ra8 1-0

[Event "CAN-op"]
[Site "Edmonton CAN"]
[Date "2009.07.14"]
[Round "4.80"]
[White "MacFie, Bob"]
[Black "Thomson, Bruce"]
[Result "1-0"]
[WhiteElo "1768"]
[BlackElo "1555"]
[PlyCount "79"]
[GameId "2160767910155985"]
[EventDate "2009.07.11"]
[EventType "swiss"]
[EventRounds "9"]
[EventCountry "CAN"]
[SourceTitle "EXT 2022"]
[Source "ChessBase"]
[SourceDate "2021.10.06"]
[SourceVersion "1"]
[SourceVersionDate "2021.10.06"]
[SourceQuality "1"]

1. Nc3 Nf6 2. a3 g6 3. e4 d6 4. d4 Bg7 5. Bc4 O-O 6. f3 e6 7. Be3 e5 8. Qd2 exd4 9. Bxd4 Nc6 10. Be3 a6 11. Nge2 Qe8 12. O-O Ne5 13. Bd3 Be6 14. Nf4 Bc4 15. b3 Bxd3 16. cxd3 Qd7 17. Nfe2 d5 18. d4 Nc6 19. e5 Ne8 20. b4 f6 21. f4 f5 22. Nc1 Na7 23. a4 Nc6 24. Nd3 b6 25. a5 Qd8 26. Qa2 Ne7 27. Qb3 Kh8 28. Ra3 c6 29. axb6 Qxb6 30. Nc5 Rg8 31. Rfa1 Nc7 32. Ra5 Rab8 33. Rb1 Qxa5 34. bxa5 Rxb3 35. Rxb3 Nb5 36. Nxa6 Nxc3 37. Rxc3 Ra8 38. Nb4 Rxa5 39. Nxc6 Nxc6 40. Rxc6 1-0

[Event "CAN-op"]
[Site "Edmonton CAN"]
[Date "2009.07.14"]
[Round "4.83"]
[White "Faust, Steven"]
[Black "McCleary, Rick"]
[Result "1-0"]
[WhiteElo "1757"]
[BlackElo "1140"]
[PlyCount "65"]
[GameId "2160767910155987"]
[EventDate "2009.07.11"]
[EventType "swiss"]
[EventRounds "9"]
[EventCountry "CAN"]
[SourceTitle "EXT 2022"]
[Source "ChessBase"]
[SourceDate "2021.10.06"]
[SourceVersion "1"]
[SourceVersionDate "2021.10.06"]
[SourceQuality "1"]

1. Nf3 e6 2. c4 d5 3. e3 Nf6 4. Nc3 Nbd7 5. b3 c6 6. Bb2 Bd6 7. g3 O-O 8. Bg2 Nc5 9. d4 Nce4 10. O-O Nh5 11. Nxe4 dxe4 12. Nd2 Nf6 13. Nxe4 Nxe4 14. Bxe4 f5 15. Bg2 g5 16. f4 g4 17. Qc2 h5 18. e4 h4 19. Rad1 hxg3 20. hxg3 Qf6 21. e5 Qh6 22. exd6 Kf7 23. Kf2 Bd7 24. Rh1 Qg6 25. Rde1 Rh8 26. d5 cxd5 27. Bxh8 Rc8 28. Qd3 a6 29. Ba1 b5 30. cxd5 Re8 31. dxe6+ Bxe6 32. Rxe6 Qxe6 33. Bd5 1-0

[Event "CAN-op"]
[Site "Edmonton CAN"]
[Date "2009.07.14"]
[Round "4.85"]
[White "MacFie, Matthew"]
[Black "Mackey, John"]
[Result "0-1"]
[WhiteElo "1197"]
[BlackElo "1743"]
[PlyCount "48"]
[GameId "2160767910155989"]
[EventDate "2009.07.11"]
[EventType "swiss"]
[EventRounds "9"]
[EventCountry "CAN"]
[SourceTitle "EXT 2022"]
[Source "ChessBase"]
[SourceDate "2021.10.06"]
[SourceVersion "1"]
[SourceVersionDate "2021.10.06"]
[SourceQuality "1"]

1. Nf3 f5 2. g3 Nf6 3. Bg2 e6 4. d3 Be7 5. O-O O-O 6. Be3 d6 7. Na3 Nc6 8. Qd2 e5 9. Ng5 d5 10. Rae1 d4 11. f4 dxe3 12. Qc1 exf4 13. Rxf4 Nh5 14. Rh4 Bxg5 15. Rxh5 g6 16. Rh6 Bxh6 17. c4 Be6 18. Qc3 Bg7 19. Qc1 a6 20. Nc2 Qd6 21. Qxe3 Rae8 22. Rf1 Bxc4 23. h4 Rxe3 24. dxc4 Rxe2 0-1

[Event "CAN-op"]
[Site "Edmonton CAN"]
[Date "2009.07.14"]
[Round "4.86"]
[White "Fokkema, Jerred"]
[Black "Huang, Zhonglin"]
[Result "1-0"]
[WhiteElo "1864"]
[BlackElo "1515"]
[PlyCount "41"]
[GameId "2160767910155990"]
[EventDate "2009.07.11"]
[EventType "swiss"]
[EventRounds "9"]
[EventCountry "CAN"]
[SourceTitle "EXT 2022"]
[Source "ChessBase"]
[SourceDate "2021.10.06"]
[SourceVersion "1"]
[SourceVersionDate "2021.10.06"]
[SourceQuality "1"]

1. e4 c5 2. Nf3 Nc6 3. d4 cxd4 4. Nxd4 Nf6 5. Nc3 g6 6. Be3 Bg7 7. Be2 d6 8. f3 Bd7 9. Qd2 O-O 10. O-O-O b5 11. h4 b4 12. Nd5 Qa5 13. Nxc6 Qxa2 14. Ncxe7+ Kh8 15. Qd3 Nxd5 16. Nxd5 Bxb2+ 17. Kd2 Bc3+ 18. Nxc3 bxc3+ 19. Ke1 Qa3 20. Bh6 Rfd8 21. Qd4+ 1-0

[Event "CAN-op"]
[Site "Edmonton CAN"]
[Date "2009.07.14"]
[Round "4.87"]
[White "Nolan, Pat"]
[Black "Razzaq, Ali"]
[Result "0-1"]
[WhiteElo "1529"]
[BlackElo "1859"]
[PlyCount "56"]
[GameId "2160767910155991"]
[EventDate "2009.07.11"]
[EventType "swiss"]
[EventRounds "9"]
[EventCountry "CAN"]
[SourceTitle "EXT 2022"]
[Source "ChessBase"]
[SourceDate "2021.10.06"]
[SourceVersion "1"]
[SourceVersionDate "2021.10.06"]
[SourceQuality "1"]

1. d4 d5 2. Nf3 Nf6 3. c4 c6 4. Nc3 e6 5. Bg5 dxc4 6. e3 b5 7. a3 Nbd7 8. Qc2 h6 9. Bh4 Be7 10. Be2 O-O 11. O-O Nd5 12. Bxe7 Qxe7 13. Ne4 Bb7 14. b4 f5 15. Nc5 Nxc5 16. dxc5 a5 17. Ne5 axb4 18. axb4 Rxa1 19. Rxa1 Nxb4 20. Qb1 Qc7 21. f4 Nd5 22. Qc1 Ra8 23. Kf2 c3 24. Bf3 b4 25. Rxa8+ Bxa8 26. Bd1 Qa5 27. Nd3 Qa2+ 28. Qc2 b3 0-1